000 00708cam a2200241 a 4500
999 _c3712
_d3712
001 17816
003 BD-DhUAP
005 20200311113748.0
008 200311s20051996nyu b 000 0 eng d
020 _a1403997993
020 _a0333402642
040 _aUKM
_cUKM
_dBD-DhUAP
_bEng
082 0 0 _223
_a809.41 MAL
100 _a Male, David A.
245 1 4 _aThe white devil and the Duchess of Malfi by John Webster /
_cDavid A. Male.
260 _aNew York :
_bPalgrave macmillan,
_cc1986 [Reprinted 2005].
300 _aix, 93 pages ;
_c20 cm.
600 _aDuchess of Malfi (Webster, John).
650 _aLiterature, Modern.
650 _aBritish literature.
650 _aLiterature.
942 _2ddc
_cBK